| 000 | 00510nam a22001937a 4500 | ||
|---|---|---|---|
| 005 | 20260330165421.0 | ||
| 008 | 260330b |||||||| |||| 00| 0 eng d | ||
| 020 | _a9788126939404 | ||
| 041 | _aENG | ||
| 082 |
_a658.312 44 _bSOU B22773 |
||
| 100 |
_aSoundararajan R _9217475 |
||
| 245 |
_aThriving on Talent: _bElevate Your HR Strategy _c1st Ed. |
||
| 250 | _a1st Ed. | ||
| 260 |
_aNew Delhi _bAtlantic _c2025 |
||
| 300 | _a284p | ||
| 500 | _aStrategic HRM | ||
| 700 |
_aBaishya S _9217476 |
||
| 942 | _cBK | ||
| 999 |
_c370824 _d370824 |
||